| Tag |
First Indicator |
Second Indicator |
Subfields |
| LEADER |
00000pam a2200000 4500 |
| 001 |
in00000258331 |
| 005 |
20190207093756.0 |
| 008 |
730430s1973 txuab b s00010 eng d |
| 010 |
|
|
|a 73007602
|
| 020 |
|
|
|a 0292780079
|c $9.50
|
| 035 |
|
|
|a (OCoLC)00624175
|
| 035 |
|
|
|9 ABC1918AM
|
| 040 |
|
|
|a DLC
|c DLC
|d TXA
|d UtOrBLW
|
| 043 |
|
|
|a n-us-tx
|
| 049 |
|
|
|a TXAM [Also in] [Sp Coll]
|c 1 [1093502]
|a TXAS
|c 2 [1093549]
|c 3 [1093740]
|
| 050 |
0 |
0 |
|a F392.P168
|b R37
|
| 082 |
0 |
|
|a 917.64/8
|
| 100 |
1 |
|
|a Rathjen, Frederick W.,
|d 1929-
|
| 245 |
1 |
4 |
|a The Texas Panhandle frontier /
|c [by] Frederick W. Rathjen.
|
| 264 |
|
1 |
|a Austin :
|b University of Texas Press,
|c [1973]
|
| 264 |
|
4 |
|c [©1973]
|
| 300 |
|
|
|a 286 pages :
|b illustrations, maps. ;
|c 23 cm.
|
| 336 |
|
|
|a text
|b txt
|2 rdacontent
|
| 337 |
|
|
|a unmediated
|b n
|2 rdamedia
|
| 338 |
|
|
|a volume
|b nc
|2 rdacarrier
|
| 490 |
1 |
|
|a The M.K. Brown range life series ;
|v no. 12
|
| 500 |
|
|
|a The Cushing Library/Chapman Texas Collection copy is part of the Floyd & Louise Chapman Texas & Borderlands Collection.
|5 TXA
|
| 504 |
|
|
|a Bibliography: pages [251]-266.
|
| 500 |
|
|
|a Cushing Owens copy: inscribed by the author to Bill Owens.
|
| 536 |
|
|
|a The L.A. Maddox '42 Texas and Ranch History Collection, 1998.
|
| 651 |
|
0 |
|a Texas Panhandle (Tex.)
|x History.
|
| 830 |
|
0 |
|a M.K. Brown range life series ;
|v no. 12.
|
| 999 |
|
|
|a MARS
|
| 999 |
f |
f |
|s 139ba05e-00a6-360f-b972-3e6dbbd80708
|i 177f2da2-0152-3d17-b507-0ff8634ab1f8
|t 0
|
| 952 |
f |
f |
|p noncirc
|a Texas A&M University
|b College Station
|c Cushing Memorial Library & Archives
|d Cushing: Dykes (Does not check out)
|t 0
|e F392.P168 R37
|h Library of Congress classification
|i unmediated -- volume
|m A14851712829
|
| 952 |
f |
f |
|p noncirc
|a Texas A&M University
|b College Station
|c Cushing Memorial Library & Archives
|d Cushing: Owens (Does not check out)
|t 0
|e F392.P168 R37 1973
|h Library of Congress classification
|i unmediated -- volume
|
| 952 |
f |
f |
|p noncirc
|a Texas A&M University
|b College Station
|c Cushing Memorial Library & Archives
|d Cushing: Chapman Texas Collection (Does not check out)
|t 0
|e F392.P168 R37
|h Library of Congress classification
|i unmediated -- volume
|m A14800333345
|
| 952 |
f |
f |
|p ric
|a Texas A&M University
|b Rellis Campus
|c Joint Library Facility
|d Remote Storage
|t 0
|e F392.P168 R37
|h Library of Congress classification
|i unmediated -- volume
|m A14823986947
|
| 998 |
f |
f |
|a F392.P168 R37
|t 0
|l Remote Storage
|
| 998 |
f |
f |
|a F392.P168 R37
|t 0
|l Cushing: Chapman Texas Collection (Does not check out)
|
| 998 |
f |
f |
|a F392.P168 R37 1973
|t 0
|l Cushing: Owens (Does not check out)
|
| 998 |
f |
f |
|a F392.P168 R37
|t 0
|l Cushing: Dykes (Does not check out)
|